El Progreso de integración en América Latina en 1984 /
Wedi'i Gadw mewn:
| Awduron Corfforaethol: | , |
|---|---|
| Fformat: | Texto |
| Cyhoeddwyd: |
Buenos Aires:
BID. INTAL
|
| Tagiau: |
Ychwanegu Tag
Dim Tagiau, Byddwch y cyntaf i dagio'r cofnod hwn!
|
MARC
| LEADER | 00000 a a2200000 04500 | ||
|---|---|---|---|
| 001 | 23057 | ||
| 003 | |||
| 040 | |a CRAI/IIS |c CRAI/IIS | ||
| 090 | |a 157900 | ||
| 110 | |a Banco Interamericano de Desarrollo. Instituto para la Integración de América Latina | ||
| 245 | |a El Progreso de integración en América Latina en 1984 / |c Banco Interamericano de Desarrollo. Instituto para la Integración de América Latina | ||
| 260 | |a Buenos Aires: |b BID. INTAL | ||
| 300 | |a 417 p |b **no definido** | ||
| 710 | |a BID. INTAL | ||
| 999 | |c 17030 |d 17030 | ||
